Paul Verlaine : Sa Vie - Son Oeuvre. Avec un portrait reproduit en héliogravure et un autographe /

Hlavní autor: Lepelletier, Edmond, 1846-1913
Jazyk: Francouzština
Vydáno: Paris : Mercure de France, 1907
Fyzický popis: 568 s. : portrét
Knihy
Uloženo v:
LEADER 00691nam a22002057a 4500
001 001731359
003 CZ BrMZK
005 20200219092831.0
007 ta
008 200219s1907 fr c er|||||||||||fre d
040 |a BOA001  |b cze 
100 1 |a Lepelletier, Edmond,  |d 1846-1913  |7 jx20070620008  |4 aut 
245 1 0 |a Paul Verlaine :  |b Sa Vie - Son Oeuvre. Avec un portrait reproduit en héliogravure et un autographe /  |c Edmond Lepelletier 
260 |a Paris :  |b Mercure de France,  |c 1907 
300 |a 568 s. :  |b portrét 
910 |a BOA001  |b OB1-0113.931 
990 |a BK 
993 |a Y 
991 |b 202002 
996 6 |b 2618828679  |c OB1-0113.931  |l MZK  |r Sklad / do 24 hodin  |n 0  |w 001782987  |u 000010  |a 1  |e BOA001  |j MZK50  |s P